| 000 | 00767nam a2200205 i 4500 | ||
|---|---|---|---|
| 001 | 22230 | ||
| 003 | ES-MaACL | ||
| 005 | 20240203062541.0 | ||
| 007 | t| | ||
| 008 | 021202s1910 sp ||||1| spa d | ||
| 100 | 1 |
_aAlgarra y Postius, Jaime. _919887 |
|
| 245 | 1 | 3 |
_aEl anteproyecto de Código Civil suizo _b: los modos de adquirir la propiedad según el mismo comparados con los de la legislación española : tesis doctoral / _cJaime Algarra y Postius. |
| 260 |
_aBarcelona : _b[s.n.], _c1910 ( _fImp. y Librería de Montserrat) |
||
| 300 |
_a64 p. ; _c21 cm. |
||
| 502 | _aTesi-Univ. Central (Madrid) | ||
| 650 | 4 |
_aDerecho civil- _zSuiza. _9163297 |
|
| 710 | 2 |
_aUniversidad Central (Madrid) _97084 |
|
| 852 |
_aES-MaACL _jT-1222-F-6 |
||
| 999 |
_c22230 _d22230 |
||